[Event "Open"]
[Site "Rostock GER"]
[Date "2002.08.30"]
[Round "3"]
[White "Schulz,M1"]
[Black "Gottschalk,J"]
[Result "1/2-1/2"]
[WhiteElo "2260"]
[BlackElo "2166"]

1.d4 d5 2.Bg5 Nf6 3.Bxf6 exf6 4.e3 f5 5.c4 dxc4 6.Bxc4 Bd6 7.Nc3 O-O 8.Qh5 Nd7
9.h3 c5 10.dxc5 Nf6 11.Qd1 Bxc5 12.Qxd8 Rxd8 13.Nf3 Be6 14.Bxe6  1/2-1/2

[Event "ch-ISL"]
[Site "Seltjarnarnes ISL"]
[Date "2002.08.30"]
[Round "11"]
[White "Thorfinnsson,Bj"]
[Black "Thorarinsson,P"]
[Result "1-0"]
[WhiteElo "2314"]
[BlackElo "2281"]

1.d4 Nf6 2.Bg5 d5 3.e3 Ne4 4.h4 c6 5.Nd2 Qa5 6.c3 Nd6 7.Bd3 Bf5 8.Be2 h6
9.Bf4 Nd7 10.a4 Qb6 11.b4 a5 12.Bxd6 exd6 13.b5 Nf6 14.Qb3 Be7 15.f3 O-O
16.g4 Bh7 17.Kf2 Rae8 18.g5 hxg5 19.hxg5 Nd7 20.f4 f6 21.Bg4 f5 22.Qc2 Qd8
23.Rxh7 Kxh7 24.Bxf5+ Kh8 25.Ngf3 Bxg5 26.Nxg5 g6 27.Rh1+ Kg8 28.Bxd7 Qxg5
29.Nf3  1-0

[Event "GP"]
[Site "Izmir TUR"]
[Date "2002.09.01"]
[Round "5"]
[White "Guliev,S"]
[Black "Spasov,V"]
[Result "1/2-1/2"]
[WhiteElo "2481"]
[BlackElo "2581"]

1.d4 Nf6 2.Bg5 g6 3.Bxf6 exf6 4.e3 f5 5.Bd3 Bg7 6.c3 d6 7.Nd2 Nd7 8.Qf3 Nf6
9.Ne2 O-O 10.O-O Re8 11.Rfe1 c6 12.h3 Bd7 13.Ng3 d5 14.Qd1  1/2-1/2

[Event "Hot Summer IM"]
[Site "Tel Aviv ISR"]
[Date "2002.09.01"]
[Round "11"]
[White "Drozdov,Alexandre"]
[Black "Kraidman,Y"]
[Result "1-0"]
[WhiteElo "2347"]
[BlackElo "2324"]

1.d4 Nf6 2.Bg5 d5 3.Bxf6 exf6 4.e3 f5 5.c4 c6 6.cxd5 Qxd5 7.Nc3 Bb4 8.Ne2 O-O
9.a3 Bxc3+ 10.Nxc3 Qe6 11.g3 Nd7 12.Bg2 Nf6 13.O-O Qe7 14.Qc2 g6 15.b4 a5
16.Qb2 axb4 17.axb4 Be6 18.Rfc1 Rfd8 19.b5 Bd5 20.Nxd5 cxd5 21.Rc5 Qd6 22.Rac1 Kg7
23.Qb3 Ra5 24.b6 Ra6 25.Rb1 Rda8 26.Rc7 Ra3 27.Qd1 Ra2 28.Rxb7 Ng4 29.Qb3 Nxf2
30.Ra7 R2xa7 31.bxa7 Ng4 32.Ra1 Qe7 33.h3 Qxe3+ 34.Qxe3 Nxe3 35.Bf3 g5 36.Kf2 f4
37.gxf4 gxf4 38.Ra6 Kf8 39.Bh1 Ke7 40.Kf3 Nc2 41.Ra4 Nxd4+ 42.Rxd4 Rxa7 43.Kxf4 Kf6
44.Rxd5 h6 45.Rd6+ Kg7 46.Rb6 Rc7 47.Bd5 Ra7 48.Kf5 Re7 49.Rb3 Rc7 50.Rg3+ Kf8
51.Ke5 Ra7 52.Kf4 Ra4+ 53.Be4 Ra7 54.Kg4 Ra6 55.Kh5  1-0

[Event "VII Open"]
[Site "Cesenatico ITA"]
[Date "2002.09.03"]
[Round "3"]
[White "Thomas,Ro"]
[Black "Brancaleoni,M"]
[Result "0-1"]
[WhiteElo "2136"]
[BlackElo "2249"]

1.d4 Nf6 2.Bg5 d5 3.e3 c5 4.c3 Nbd7 5.f4 Qb6 6.Qc1 h6 7.Bh4 Ng4 8.Nf3 g5
9.fxg5 Qc6 10.Bd3 c4 11.Bc2 Nxe3 12.Rg1 Nf5 13.g3 Qb6 14.b3 cxb3 15.axb3 e5
16.g4 Nxh4 17.Nxh4 exd4 18.Rf1 d3 19.Bxd3 Ne5 20.Be2 Bxg4 21.Nd2 Qe6 22.Qc2 Bxe2
23.Kxe2 Nc4+ 24.Kf2 Qe3+ 25.Kg2 Qxd2+ 26.Qxd2 Nxd2 27.Rfd1 Nxb3 28.Rab1 Nc5
29.Rxd5 hxg5 30.Re1+ Ne6 31.Nf5 Rd8 32.Rde5 Rd7  0-1

[Event "GER-GRE Match"]
[Site "Fuerth GER"]
[Date "2002.09.05"]
[Round "6"]
[White "Miladinovic,I"]
[Black "Gustafsson,J"]
[Result "1/2-1/2"]
[WhiteElo "2501"]
[BlackElo "2542"]

1.d4 Nf6 2.Bg5 c5 3.Nc3 cxd4 4.Qxd4 Nc6 5.Qh4 e6 6.e4 Be7 7.f4 d6 8.O-O-O Qa5
9.Nf3 h6 10.e5 dxe5 11.fxe5 Nxe5 12.Nxe5 Qxe5 13.Bb5+ Kf8 14.Bf4 Qc5 15.Qe1 a6
16.Bd3 Bd7 17.Rf1 Bc6 18.g4 Rd8 19.Be3 Qe5 20.Qf2 Bb4 21.Ne2 Rd7 22.h3 Ke8
23.Bd4 Qd5 24.Bxf6 gxf6 25.Kb1 Be7 26.Nf4 Qc5 27.Qxc5  1/2-1/2

[Event "FSIMC Sept"]
[Site "Budapest HUN"]
[Date "2002.09.08"]
[Round "2"]
[White "Thorfinnsson,Bj"]
[Black "Petran,Pa"]
[Result "1/2-1/2"]
[WhiteElo "2314"]
[BlackElo "2364"]

1.d4 Nf6 2.Bg5 d5 3.e3 Nbd7 4.Nf3 h6 5.Bh4 e6 6.Nbd2 Be7 7.Bd3 O-O 8.h3 b6
9.g4 Bb7 10.g5 Ne4 11.Rg1 g6 12.c3 e5 13.dxe5 hxg5 14.Bg3 Ndc5 15.Be2 Qc8
16.Nd4 Nxd2 17.Qxd2 Ne4 18.Qc2 c5 19.Bg4 Qc7 20.e6 Bd6 21.exf7+ Rxf7 22.Nb5 Bxg3
23.Nxc7 Rxf2 24.Qxe4 Rg2+ 25.Kf1 Rf2+ 26.Ke1 Rg2+ 27.Kf1  1/2-1/2

[Event "FSGM Sept"]
[Site "Budapest HUN"]
[Date "2002.09.12"]
[Round "6"]
[White "Szeberenyi,A"]
[Black "Balogh,C"]
[Result "0-1"]
[WhiteElo "2395"]
[BlackElo "2441"]

1.d4 Nf6 2.Bg5 d5 3.Bxf6 exf6 4.e3 Bd6 5.c4 dxc4 6.Bxc4 O-O 7.Nf3 f5 8.Nc3 Nd7
9.Qc2 Nf6 10.O-O c6 11.Rad1 Qe7 12.a3 g6 13.Rfe1 Rd8 14.Qb3 b5 15.Bd3 Be6
16.Qc2 Rac8 17.e4 fxe4 18.Nxe4 Nxe4 19.Bxe4 a5 20.Bxc6 Qc7 21.d5 Bxd5 22.Rxd5 Bxh2+
23.Nxh2 Rxd5 24.Rc1 Rd6 25.Be4 Qxc2 26.Rxc2 Rxc2 27.Bxc2 Rd2 28.Be4 Rxb2
29.Nf3 a4 30.Ne5 b4 31.Nc4 bxa3 32.Nxa3 Rb3 33.Nc2 a3 34.Bd5 Rb1+ 35.Kh2 a2
36.Bxa2 Rb2 37.Bxf7+ Kxf7 38.Nd4 Rxf2 39.Nf3 Rxf3 40.gxf3 Kf6 41.Kg2 Kf5
42.Kg3 g5 43.Kg2 Kf4 44.Kf2 h5  0-1

[Event "FSIMC Sept"]
[Site "Budapest HUN"]
[Date "2002.09.13"]
[Round "7"]
[White "Thorfinnsson,Bj"]
[Black "Pert,R"]
[Result "1-0"]
[WhiteElo "2314"]
[BlackElo "2357"]

1.d4 Nf6 2.Bg5 d5 3.e3 Nbd7 4.Bd3 e5 5.Bf5 Be7 6.Nf3 e4 7.Ne5 c6 8.Nxd7 Bxd7
9.Bxf6 Bxf6 10.Bxd7+ Qxd7 11.O-O O-O 12.Nd2 Rfe8 13.Rc1 Rac8 14.Nb3 Qf5 15.c4 dxc4
16.Rxc4 Be7 17.Qc2 Qe6 18.Ra4 a6 19.Nc5 Bxc5 20.Qxc5 Rcd8 21.Qb6 Rd7 22.Ra5 Qd6
23.Rc1 g6 24.Rac5 Re6 25.Qb3 Qe7 26.a4 Kg7 27.Qc4 Rdd6 28.Qc3 Rd5 29.b4 Qd7
30.h3 h5 31.Qb3 Red6 32.b5 Rxc5 33.Rxc5 cxb5 34.axb5 Rb6 35.d5 Qe7 36.Rc8 Qe5
37.Qb4 Rd6 38.bxa6 bxa6 39.Ra8 Qa1+ 40.Kh2 Qe5+ 41.g3 h4 42.Qb8 hxg3+ 43.Kg2 Kh6
44.Qf8+ Kg5 45.Re8 Qf5 46.f4+ exf3+ 47.Kxg3 Rxd5 48.h4+ Kf6 49.Qh8+  1-0

[Event "FSGM Sept"]
[Site "Budapest HUN"]
[Date "2002.09.15"]
[Round "9"]
[White "Claverie,C"]
[Black "Szeberenyi,A"]
[Result "1/2-1/2"]
[WhiteElo "2392"]
[BlackElo "2395"]

1.d4 Nf6 2.Bg5 d5 3.Nd2 Nbd7 4.Ngf3 h6 5.Bf4 e6 6.e3 Be7 7.Bd3 O-O 8.Qe2 c5
9.c3 b6 10.O-O Bb7 11.Ne5 Nxe5 12.dxe5 Ne4 13.Bg3 Nxd2 14.Qxd2 f5 15.exf6 Bxf6
16.Qe2 e5 17.Rad1 Qe7 18.e4 d4 19.cxd4 cxd4 20.Ba6 Rac8 21.Bxb7 Qxb7 22.f4 exf4
23.Bxf4 Rce8 24.e5 Qd5 25.Rfe1 Be7 26.Qg4 Kh7 27.a3 d3 28.Bg3 Bc5+ 29.Kh1 Bf2
30.Qe4+ Qxe4 31.Rxe4 Bxg3 32.hxg3  1/2-1/2

[Event "VI Pablo Gorbea Mem"]
[Site "Madrid ESP"]
[Date "2002.09.17"]
[Round "2"]
[White "Ferrer Moreno,J"]
[Black "Zapata,A"]
[Result "0-1"]
[WhiteElo "2139"]
[BlackElo "2549"]

1.d4 Nf6 2.Bg5 c5 3.Bxf6 gxf6 4.dxc5 e6 5.Nd2 Bxc5 6.Ne4 d5 7.Nxc5 Qa5+ 8.c3 Qxc5
9.Qd4 Qxd4 10.cxd4 Nc6 11.e3 Bd7 12.Ne2 Ke7 13.Nc3 Rhc8 14.Kd2 Na5 15.b3 a6
16.Be2 b5 17.Rhc1 Nb7 18.Nd1 Nd6 19.f3 Rg8 20.Bf1 f5 21.Nf2 b4 22.Nd3 Bb5
23.g3 Bxd3 24.Bxd3 Ra7 25.Rc2 h5 26.Ke2 h4 27.Kf2 hxg3+ 28.hxg3 a5 29.a4 bxa3
30.Rxa3 Rb8 31.Rca2 Rc7 32.Be2 Rc1 33.Rxa5 Rxb3 34.R5a3 Rbb1 35.Bd3 Rb8 36.Ra8 Rb6
37.R8a6 Rb3 38.R6a3 Rh1 39.Kg2 Rxa3 40.Rxa3 Rd1 41.Be2 Rd2 42.Kf1 Rb2 43.Rc3 Ne8
44.Ra3 Nf6 45.Ra8 Nd7 46.Ra7 Ke8 47.Ra8+ Ke7 48.Ra7 Kd6 49.Ra6+ Nb6 50.g4 fxg4
51.fxg4 f6 52.Kf2 Kc6 53.Ra7 Nc8 54.Ra6+ Kd7 55.Kf3 Nd6 56.Ra7+ Kd8 57.Ra8+ Ke7
58.Ra7+ Kf8 59.Ra6 Ne4 60.Ra3 Kg7 61.Ra1 Kg6 62.Rh1 Rxe2 63.Kxe2 Ng3+ 64.Kf3 Nxh1
65.Kg2 Kg5 66.Kxh1 Kxg4 67.Kg2 f5 68.Kf2 f4  0-1

[Event "VI Pablo Gorbea Mem"]
[Site "Madrid ESP"]
[Date "2002.09.19"]
[Round "4"]
[White "De la Fuente G.,F"]
[Black "Zapata,A"]
[Result "0-1"]
[WhiteElo "2212"]
[BlackElo "2549"]

1.d4 Nf6 2.Bg5 c5 3.Bxf6 gxf6 4.d5 Qb6 5.Qc1 f5 6.c4 d6 7.Nc3 Bg7 8.e3 Nd7
9.Nf3 Nf6 10.Bd3 Ne4 11.Bxe4 fxe4 12.Ng5 Qb4 13.O-O Qxc4 14.Ngxe4 h5 15.Qd2 Rg8
16.f3 h4 17.Rad1 Bh3 18.b3 Qb4 19.Ne2 Bh6 20.N2g3 Qxd2 21.Nxd2 Bxe3+ 22.Kh1 hxg3  0-1

[Event "ECC"]
[Site "Halkidiki GRE"]
[Date "2002.09.22"]
[Round "1"]
[White "Dishman,S"]
[Black "Greenfeld,A"]
[Result "1-0"]
[WhiteElo "2297"]
[BlackElo "2562"]

1.d4 Nf6 2.Bg5 c5 3.d5 Ne4 4.Bf4 Qb6 5.Bc1 e6 6.f3 Nf6 7.c4 exd5 8.cxd5 c4
9.e3 Bc5 10.Kf2 O-O 11.Bxc4 d6 12.Ne2 Nbd7 13.Nbc3 Ne5 14.Na4 Qc7 15.b3 Bd7
16.Nxc5 Qxc5 17.Bb2 Neg4+ 18.fxg4 Nxg4+ 19.Ke1 Nxe3 20.Bd4 Qa5+ 21.Qd2 Nc2+
22.Kd1 Qxd2+ 23.Kxd2 Nxa1 24.Rxa1 a6 25.Ng3 Rfe8 26.Bd3 Rad8 27.Bb6 Ra8 28.Bc7 Re5
29.Be4 Rae8 30.Bf3 Re3 31.Nf1 R3e5 32.Bxd6 Rg5 33.Ne3  1-0

[Event "ECC"]
[Site "Halkidiki GRE"]
[Date "2002.09.22"]
[Round "1"]
[White "Rabinovich,Al"]
[Black "Vestly,J"]
[Result "1-0"]
[WhiteElo "2435"]
[BlackElo "2123"]

1.d4 Nf6 2.Bg5 d5 3.e3 c5 4.c3 Ne4 5.Bh4 Qb6 6.Qb3 Qxb3 7.axb3 Nc6 8.Na3 g5
9.Bg3 Bg7 10.Nb5 Nxg3 11.hxg3 Kd8 12.dxc5 Bf5 13.Nf3 g4 14.Nfd4 Nxd4 15.cxd4 a6
16.b4 e5 17.Be2 Kd7 18.Nc3 exd4 19.Nxd5 d3 20.Nb6+ Kc6 21.Bd1 Rad8 22.Ba4+ Kc7
23.O-O-O d2+ 24.Rxd2 Rxd2 25.Kxd2 Bxb2 26.Nd5+ Kb8 27.Bc2 Be6 28.Nf4 Rd8+
29.Bd3 Ba2 30.Kc2 Be5 31.Rxh7 Kc7 32.Bg6 Rd7 33.Bf5 Re7 34.Bxg4 Kc6 35.Ng6 Re8
36.Nxe5+ Rxe5 37.Rh6+ Kc7 38.Bf3 Be6 39.Rh5  1-0

[Event "ECC"]
[Site "Halkidiki GRE"]
[Date "2002.09.28"]
[Round "7"]
[White "Mehmeti,D"]
[Black "Hurley,J"]
[Result "1-0"]
[WhiteElo "2302"]
[BlackElo "2095"]

1.d4 d5 2.Bg5 Nf6 3.Bxf6 exf6 4.e3 Bf5 5.c4 Bxb1 6.Qa4+ Qd7 7.Qxd7+ Nxd7
8.Rxb1 Bb4+ 9.Kd1 dxc4 10.Bxc4 O-O 11.Nf3 c5 12.a3 Ba5 13.dxc5 Nxc5 14.b4 Ne4
15.bxa5 Nxf2+ 16.Ke2 Nxh1 17.Rxh1 b6 18.Rb1 Rab8 19.axb6 Rxb6 20.Rxb6 axb6
21.Nd4 Rc8 22.Kd3 Rc5 23.a4 Rh5 24.Nc6 Rxh2 25.Ne7+ Kf8 26.Nd5 Rxg2 27.Nxb6 Rg5
28.Bd5 Rg1 29.Kc4 Ra1 30.Kb5 h5 31.a5 h4 32.a6 Rb1+ 33.Ka5 Ra1+ 34.Na4 Rc1
35.a7 Rc8 36.Nb6 Rd8 37.Bb7  1-0

[Event "European Seniors"]
[Site "Saint Vincent ITA"]
[Date "2002.09.29"]
[Round "2"]
[White "Zichichi,A"]
[Black "Knebel,W"]
[Result "1/2-1/2"]
[WhiteElo "2312"]
[BlackElo "2098"]

1.d4 Nf6 2.Bg5 c5 3.d5 Ne4 4.Bc1 e6 5.c4 b5 6.Qc2 exd5 7.cxd5 Nf6 8.e4 Qb6
9.a4 b4 10.Bc4 Ba6 11.Nd2 d6 12.Ngf3 Nbd7 13.h3 g6 14.b3 Bg7 15.Bb2 O-O 16.O-O Rfe8
17.Rae1 Bb7 18.Bd3 Qc7 19.Nc4 Ba6 20.Nfd2 Nb6 21.Ba1 Re7 22.Bxf6 Bxf6 23.e5 Nxc4
24.Nxc4 Bxc4 25.exf6 Rxe1 26.Rxe1 Bxd5 27.Re7 Qd8 28.Be4 Bxe4 29.Qxe4 d5
30.Qf4 d4 31.Rd7 Qf8 32.Qe4 a5 33.Qd5 Rc8 34.g4 h6 35.h4 Qe8 36.Re7 Qf8 37.Rd7  1/2-1/2

[Event "Eu Blitz Ch"]
[Site "Panormo GRE"]
[Date "2002.10.02"]
[Round "10"]
[White "Milov,V"]
[Black "Grivas,E"]
[Result "1/2-1/2"]
[WhiteElo "2620"]
[BlackElo "2494"]

1.d4 Nf6 2.Bg5 g6 3.Bxf6 exf6 4.e3 d5 5.c4 dxc4 6.Bxc4 Bg7 7.Nf3 O-O 8.O-O c5
9.dxc5 Qa5 10.Nc3 Qxc5 11.Qe2 Nc6 12.Rac1 Bg4 13.Bd5 Ne7 14.Bb3 f5 15.h3 Bxf3
16.Qxf3 Qb4 17.Rfd1 Rad8 18.Qg3 Rxd1+ 19.Rxd1 Nc6 20.Nd5 Qc5 21.Qc7 Bxb2
22.Qxb7 Na5 23.Qd7 Nxb3 24.axb3 Qc2 25.Ne7+ Kg7 26.b4 Bf6 27.Nc6 a6 28.g3 Rc8
29.Rd6 Qb1+ 30.Kg2 Qe4+ 31.Kg1 Qb1+ 32.Rd1 Qc2 33.Rd6  1/2-1/2

[Event "European Seniors"]
[Site "Saint Vincent ITA"]
[Date "2002.10.03"]
[Round "6"]
[White "Zichichi,A"]
[Black "Planas Ferret,R"]
[Result "1/2-1/2"]
[WhiteElo "2312"]
[BlackElo "2208"]

1.d4 d5 2.Bg5 Nf6 3.Bxf6 exf6 4.e3 Be6 5.Nd2 f5 6.a3 Be7 7.Ne2 c6 8.Nf4 Bd6
9.Qf3 Qc7 10.g3 Nd7 11.c4 Bxf4 12.Qxf4 Qxf4 13.gxf4 dxc4 14.Bxc4 Ke7 15.Rc1 Rac8
16.Ke2 Rhd8 17.Rc2 Nb6 18.Bxe6 Kxe6 19.Nb3 Nd7 20.Rhc1 Rb8 21.Na5 Nb6 22.b4 Rd5
23.Nb3 Nd7 24.f3 Nf6 25.Kd3 Ke7 26.Rg1 g6 27.Na5 Nd7 28.e4 fxe4+ 29.fxe4 Rh5
30.Rg5 Rh3+ 31.Rg3 Rh5 32.Rg5 Rh3+  1/2-1/2

[Event "6th Itau Cup"]
[Site "Sao Paulo BRA"]
[Date "2002.10.03"]
[Round "7"]
[White "Felizes,P"]
[Black "Trois,F"]
[Result "0-1"]
[WhiteElo "2140"]
[BlackElo "2366"]

1.d4 Nf6 2.Bg5 d5 3.Bxf6 gxf6 4.e3 c5 5.dxc5 e6 6.Nc3 Bxc5 7.Qg4 Nc6 8.Qg7 Ke7
9.O-O-O Qg8 10.Qxg8 Rxg8 11.Nh3 Bb4 12.Nb5 a6 13.Nd4 e5 14.Nb3 Be6 15.Rg1 Bxh3  0-1

[Event "TCh-BEL 2002-3"]
[Site "Belgium BEL"]
[Date "2002.10.06"]
[Round "1"]
[White "Winants,L"]
[Black "Knoppert,E"]
[Result "1-0"]
[WhiteElo "2504"]
[BlackElo "2322"]

1.d4 Nf6 2.Bg5 d5 3.e3 e6 4.c4 Nbd7 5.Nc3 h6 6.Bh4 Be7 7.Nf3 O-O 8.Rc1 b6
9.cxd5 exd5 10.Bb5 Bb7 11.O-O a6 12.Ba4 c6 13.Qe2 Re8 14.Rfd1 Rc8 15.Bc2 Nh5
16.Bxe7 Qxe7 17.Bf5 g6 18.Bxd7 Qxd7 19.Na4 Qd8 20.Qc2 Rb8 21.b4 Re6 22.Nb2 Nf6
23.a4 Ne4 24.Nd3 Kg7 25.Nfe5 Rc8 26.Qa2 Re7 27.a5 f6 28.Nf3 b5 29.Nc5 Nd6
30.Re1 Qe8 31.Qc2 Rcc7 32.Nd2 Bc8 33.Qc3 g5 34.f3 Nf5 35.e4 dxe4 36.fxe4 Nh4
37.e5 Kh7 38.Nde4  1-0

[Event "ch-ESP Open"]
[Site "Ayamonte ESP"]
[Date "2002.10.11"]
[Round "8"]
[White "Candela Perez,J"]
[Black "Moreno Carnero,J"]
[Result "1-0"]
[WhiteElo "2427"]
[BlackElo "2503"]

1.d4 Nf6 2.Bg5 c5 3.Bxf6 gxf6 4.d5 Qb6 5.Qc1 f5 6.c4 Bg7 7.Nc3 d6 8.e3 Nd7
9.Nf3 Nf6 10.Rb1 Bd7 11.Bd3 Ne4 12.Bxe4 fxe4 13.Nxe4 Qa5+ 14.b4 cxb4 15.O-O Rc8
16.Nd4 b5 17.c5 dxc5 18.Nb3 Qxa2 19.d6 Bf5 20.Nbxc5 O-O 21.dxe7 Rfe8 22.Qd1 Bxe4
23.Nxe4 Rxe7 24.Rxb4 a6 25.Ng3 Qc2 26.Qg4 Rc4 27.Rxc4 Qxc4 28.e4 Re8 29.Nf5 Qc3
30.Rd1 b4 31.h3 b3 32.Rd3 Qa1+ 33.Kh2 h5 34.Qg3 h4 35.Qg4 Qe5+ 36.f4 Qf6
37.Rxb3 Rxe4 38.Rb8+ Kh7 39.Qh5+ Bh6 40.Rb7 Qg6 41.Rxf7+  1-0

[Event "TCh-SWE"]
[Site "Helsingborg SWE"]
[Date "2002.10.11"]
[Round "1"]
[White "Berg,K"]
[Black "Mortensen,E"]
[Result "0-1"]
[WhiteElo "2427"]
[BlackElo "2458"]

1.d4 Nf6 2.Bg5 d5 3.e3 Nbd7 4.Nf3 g6 5.c4 Bg7 6.Nc3 h6 7.Bh4 c5 8.cxd5 Qa5
9.Qd2 O-O 10.Be2 cxd4 11.Nxd4 Nxd5 12.Nxd5 Qxd5 13.O-O e5 14.Nb3 Qxd2 15.Nxd2 g5
16.Bg3 f5 17.f3 Nb6 18.e4 f4 19.Bf2 Be6 20.Rfc1 Rfc8 21.Nb3 Nd7 22.Na5 Rxc1+
23.Rxc1 b6 24.Nb3 Bf8 25.Bc4 Kf7 26.Bxe6+ Kxe6 27.Rc6+ Bd6 28.Nd2 Rd8 29.Nc4 Nb8
30.Rxd6+ Rxd6 31.Nxd6 Kxd6 32.Kf1 Nc6 33.Ke2 h5 34.a3 Nd8 35.Kd3 Ne6 36.h3 Kc6
37.Kc4 a6 38.Bxb6 Kxb6 39.Kd5 Nc5 40.Kxe5 Nd3+ 41.Kf6 Nxb2 42.e5 Nc4 43.e6 Kc7
44.Kxg5 Nxa3 45.Kxf4 Nc4 46.g4 h4 47.g5 Kd6 48.Kf5 Ne3+ 49.Kf6 Nd5+ 50.Kf7 a5
51.f4 a4 52.f5 a3 53.e7 Nxe7 54.f6 Nc6 55.Kg8 Ne5 56.f7 Nxf7 57.Kxf7 a2 58.g6 a1=Q
59.g7 Qa2+  0-1

[Event "TCh-SWE"]
[Site "Helsingborg SWE"]
[Date "2002.10.12"]
[Round "2"]
[White "Fagerstrom,B"]
[Black "Couso,L"]
[Result "1/2-1/2"]
[WhiteElo "2112"]
[BlackElo "2355"]

1.d4 Nf6 2.Bg5 d5 3.e3 c6 4.Bxf6 exf6 5.c4 dxc4 6.Bxc4 Bd6 7.Qb3 O-O 8.Nf3 Nd7
9.Nc3 f5 10.O-O Qe7 11.Rfe1 Nf6 12.Rad1 a6 13.Qc2 g6 14.Bb3 b5 15.Ne2 Bb7
16.Nf4 Rac8 17.Nd3 Ne4 18.Qe2 c5 19.dxc5 Nxc5 20.Nxc5 Rxc5 21.Rd4 Qc7 22.Red1 Bxf3
23.gxf3 Bxh2+ 24.Kg2 Be5 25.Rd7 Qc6 26.Qd3 Kg7 27.Rd8 Rxd8 28.Qxd8 Qf6 29.Qxf6+ Bxf6
30.Rd7 Bxb2 31.Rxf7+ Kh8 32.Rf8+ Kg7 33.Rf7+ Kh6 34.Ra7 Rc6 35.f4 Bc3 36.Bg8 Bg7
37.Bb3 Rd6 38.Bg8 Rd8 39.Bb3  1/2-1/2

[Event "Essent Open"]
[Site "Hoogeveen NED"]
[Date "2002.10.12"]
[Round "2"]
[White "Naalden,M"]
[Black "Vanderstricht,G"]
[Result "0-1"]
[WhiteElo "2108"]
[BlackElo "2403"]

1.d4 Nf6 2.Bg5 d5 3.e3 c5 4.Bxf6 gxf6 5.c4 cxd4 6.exd4 Nc6 7.cxd5 Qxd5 8.Nc3 Qxd4
9.Nd5 Qe5+ 10.Be2 Be6 11.Nc3 Rd8 12.Qa4 Qd4 13.Qb5 Bh6 14.Nf3 Bd2+ 15.Nxd2 Qxd2+
16.Kf1 O-O 17.Rd1 Qf4 18.Qxb7 Nd4 19.g3 Bh3+ 20.Ke1 Nc2+  0-1

[Event "6th Final RUS Cup"]
[Site "Nefteyugansk RUS"]
[Date "2002.10.12"]
[Round "9"]
[White "Kornev,Alexe"]
[Black "Arzumanian,G"]
[Result "0-1"]
[WhiteElo "2566"]
[BlackElo "2455"]

1.d4 d5 2.Bg5 Nf6 3.Bxf6 exf6 4.e3 Be6 5.Nd2 Nd7 6.Ne2 c6 7.c3 Bd6 8.g3 O-O
9.Bg2 f5 10.O-O Nf6 11.Qb3 Qd7 12.Qc2 Ne4 13.Nf4 g5 14.Nd3 Rae8 15.f3 Nxd2
16.Qxd2 f6 17.Rae1 Qf7 18.b3 Kh8 19.Qc2 Rg8 20.e4 f4 21.Qf2 Bb8 22.Re2 Qh5
23.Nc5 Bc8 24.Rfe1 g4 25.fxg4 Bxg4 26.Rd2 f3 27.Bf1 b6 28.Na6 Bf4 29.Bd3 Bxd2
30.Qxd2 dxe4 31.Rxe4 Rxe4 32.Bxe4 Re8 33.Bd3 Bf5 34.Bf1 Bh3 35.Bd3 Bf5 36.Bf1 Be4
37.h4 Qg4 38.Kh2 Rg8 39.Qf2 f5 40.Bh3 Qg7 41.Nb4 a5 42.Na6 h5 43.a4 f4 44.gxf4 Qf6
45.f5 Qd6+ 46.Kh1 Qg3  0-1

[Event "FSFMA Oct"]
[Site "Budapest HUN"]
[Date "2002.10.13"]
[Round "9"]
[White "Szamoskozi,G"]
[Black "Szentmihalyi,T"]
[Result "1/2-1/2"]
[WhiteElo "2201"]
[BlackElo "2092"]

1.d4 Nf6 2.Bg5 c5 3.d5 Qb6 4.Bc1 g6 5.f3 Bg7 6.e4 d6 7.c4 O-O 8.Nc3 a6 9.Bd3 e6
10.Nge2 exd5 11.cxd5 Re8 12.a4 Nbd7 13.a5 Qc7 14.O-O b5 15.axb6 Nxb6 16.Re1 Nfd7
17.Ng3 Ne5 18.Bc2 Qd8 19.Nf1 Qh4 20.Be3 Nec4 21.Bf2 Qf6 22.Rb1 Rb8 23.Qc1 Bd7
24.Nd1 Ne5 25.b4 cxb4 26.Rxb4 Bb5 27.f4 Ng4 28.Bg3 Rbc8 29.h3 Nh6 30.Nfe3 Qe7
31.Qd2 Qc7 32.Bd3 Qc5 33.Bxb5 axb5 34.Bf2 Qc7 35.Rxb5 Rxe4 36.Rxb6 Qxb6 37.Nf5 Rxe1+
38.Qxe1 Qd8 39.Ne7+ Kf8 40.Nxc8 Qxc8 41.Qb4 Ke7 42.Ne3 Nf5 43.Qe4+ Kf8 44.Nxf5 Qxf5
45.Qxf5 gxf5 46.Kf1 Ke7 47.Ke2 Bf6 48.Kf3 h5 49.g4 fxg4+ 50.hxg4 hxg4+ 51.Kxg4 Kf8
52.Kf5 Ke7 53.Be1 Bd4 54.Bh4+ f6 55.Be1 Bb2 56.Kg6 Bd4 57.Bd2 Bb2 58.Kg7 Bd4
59.f5 Bb2 60.Kg8 Bd4 61.Bh6 Be5 62.Bf8+ Ke8 63.Kg7 Bf4 64.Bxd6 Bxd6 65.Kxf6 Kf8
66.Ke6 Bc7 67.d6 Bb6 68.Kd7 Kf7 69.Kc8 Kf6 70.d7 Kxf5  1/2-1/2

[Event "TCh-BEL 2002-3"]
[Site "Belgium BEL"]
[Date "2002.10.20"]
[Round "2"]
[White "Israel,G"]
[Black "Becker,D"]
[Result "0-1"]
[WhiteElo "2093"]
[BlackElo "2111"]

1.d4 d5 2.Bg5 Nf6 3.Bxf6 exf6 4.e3 Bd6 5.Nd2 Bf5 6.c4 dxc4 7.Bxc4 c6 8.Qb3 Qe7
9.Ne2 O-O 10.O-O a5 11.e4 a4 12.Qe3 Bg6 13.f4 h6 14.f5 Bh7 15.Rae1 c5 16.Nf4 cxd4
17.Qe2 Bxf4 18.Rxf4 Nc6 19.Qh5 Ne5 20.Ref1 Qb4 21.Nf3 Nxf3+ 22.R4xf3 Qxc4
23.Rg3 Kh8 24.h3 Rae8 25.Qg4 Rg8 26.b3 axb3 27.axb3 Qc5 28.Rd3 Qe5 29.Rf4 Rc8
30.Rf1 Rc3 31.Qf3 Rgc8 32.Rxc3 dxc3 33.Qd3 c2 34.Rc1 Qb2 35.Qd2 Qxb3 36.Kh1 Qc3
37.Qd7 Qc7 38.Qd3 Qc6 39.Kh2 b5 40.g4 Qc4  0-1

[Event "Guernsey Open"]
[Site "Les Dicqs GCI"]
[Date "2002.10.25"]
[Round "6"]
[White "Marotzke,S"]
[Black "Ballon,G"]
[Result "0-1"]
[WhiteElo "2089"]
[BlackElo "2219"]

1.d4 Nf6 2.Bg5 d5 3.Nf3 e6 4.e3 Nbd7 5.c4 c6 6.cxd5 cxd5 7.Nc3 Qa5 8.Bxf6 Nxf6
9.Bb5+ Bd7 10.Bxd7+ Nxd7 11.a3 Be7 12.O-O O-O 13.Qd3 Rfc8 14.Rfc1 Qd8 15.Rc2 Rc7
16.Rac1 Rac8 17.h3 h6 18.Nd2 a6 19.Ne2 Rxc2 20.Rxc2 Nb6 21.Nc1 Rc7 22.b4 Qc8
23.Rxc7 Qxc7 24.Ncb3 Nc4 25.Qc3 b6 26.a4 Qc6 27.a5 Nxa5 28.Qxc6 Nxc6 29.b5 axb5
30.Kf1 Na5  0-1

[Event "10th Chigorin Mem B"]
[Site "St Petersburg RUS"]
[Date "2002.10.25"]
[Round "1"]
[White "Franchini,G"]
[Black "Zemtsov,I"]
[Result "1/2-1/2"]
[WhiteElo "2145"]
[BlackElo "2321"]

1.d4 Nf6 2.Bg5 g6 3.Bxf6 exf6 4.e3 Bg7 5.h4 h5 6.Bd3 d5 7.c3 Nd7 8.Ne2 f5
9.Nf4 Nf6 10.Qb3 c6 11.c4 Bh6 12.g3 Bxf4 13.gxf4 dxc4 14.Bxc4 O-O 15.Nd2 b5
16.Be2 Be6 17.Qc2 Bd5 18.Bf3 Re8 19.Bxd5 Qxd5 20.O-O Ng4 21.Qc5 Qd7 22.Rac1 Re6
23.Nf3 Rae8 24.Rfd1 Rd6 25.Rd2 Rd8 26.Rdc2 Qb7 27.Ra1  1/2-1/2

[Event "10th Chigorin Mem B"]
[Site "St Petersburg RUS"]
[Date "2002.10.26"]
[Round "2"]
[White "Chepukaitis,G"]
[Black "Ganzhurov,R"]
[Result "1-0"]
[WhiteElo "2396"]
[BlackElo "2220"]

1.d4 d5 2.Bg5 Nf6 3.Nd2 Bf5 4.e3 Nbd7 5.c4 e6 6.Ne2 h6 7.Bh4 c6 8.Qb3 Qb6
9.Nc3 Be7 10.Be2 O-O 11.O-O e5 12.dxe5 Nxe5 13.Bxf6 Bxf6 14.cxd5 Nd3 15.Nce4 Qxb3
16.Nxf6+ gxf6 17.Nxb3 cxd5 18.Nd4 Bg6 19.Bxd3 Bxd3 20.Rfd1 Be4 21.f3 Bg6
22.Nb5 a6 23.Nc3 Rac8 24.Rxd5 b5 25.a3 Rc6 26.Rad1 Bc2 27.R1d2 Bb3 28.Rd6 Rfc8
29.g4 Kg7 30.Kf2 Bc4 31.e4 a5 32.Ke3 b4 33.axb4 axb4 34.Rxc6 Rxc6 35.Nd5 b3
36.Ne7 Ra6 37.Nf5+ Kh7 38.h4 Be6 39.Nd4 Bc4 40.h5 Ra1 41.Nf5 Re1+ 42.Kf4 Be6
43.Nd6 Rc1 44.Ne8 Rc2 45.Ke3 Rc8 46.Nxf6+ Kg7 47.Nd5 Rc1 48.Nf4 Bc4 49.Nd5 Re1+
50.Kd4 Be2 51.f4 Bf3 52.Ne3 Rg1 53.Rd3 Bxg4 54.Rxb3 Bxh5 55.Nf5+ Kh7 56.Rh3 Rd1+
57.Ke5 Bg4 58.Rxh6+ Kg8 59.Ne3 Rg1 60.Kf6 Be6 61.f5 Bb3 62.Rh3 Rb1 63.Ng4 Rxb2
64.Ke7  1-0

[Event "10th Chigorin Mem B"]
[Site "St Petersburg RUS"]
[Date "2002.10.26"]
[Round "2"]
[White "Sklyarov,A"]
[Black "Lazhevskaya,Z"]
[Result "0-1"]
[WhiteElo "2271"]
[BlackElo "2087"]

1.d4 d5 2.Bg5 Nf6 3.Bxf6 gxf6 4.e3 c6 5.c4 Bf5 6.Nc3 e6 7.cxd5 cxd5 8.Nf3 Rg8
9.Nh4 Bg4 10.Qb3 Nd7 11.Bd3 Be7 12.h3 Bh5 13.g4 Bg6 14.Nxg6 fxg6 15.e4 Nb6
16.O-O f5 17.exd5 fxg4 18.Rfe1 Nxd5 19.Rxe6 Nf4 20.Re4 Nxh3+ 21.Kg2 Rg7 22.Rxg4 Ng5
23.Re1 Kf8 24.Rf4+ Rf7 25.Rxf7+ Nxf7 26.Qxb7 Rb8 27.Qf3 Qxd4 28.Re4 Qd7 29.Bc4 Bg5
30.Be6 Qb7 31.Bd5 Qd7 32.Be6 Qb7 33.Nb5 Kg7 34.Bxf7 Qxf7 35.Qxf7+ Kxf7 36.b3 Rxb5
37.Ra4 a5 38.Rc4 h5 39.f4 Be7 40.Kg3 Rc5 41.Re4 Rc3+  0-1

[Event "10th Chigorin Mem B"]
[Site "St Petersburg RUS"]
[Date "2002.10.27"]
[Round "3"]
[White "Nikolaev,N"]
[Black "Kopasov,E"]
[Result "1-0"]
[WhiteElo "2358"]
[BlackElo "2098"]

1.d4 Nf6 2.Bg5 c5 3.d5 Ne4 4.Bf4 e6 5.f3 Qf6 6.Bxb8 Qxb2 7.fxe4 Qxa1 8.Bg3 Qxa2
9.e3 b5 10.Nf3 Bb7 11.Be2 Qa5+ 12.Nbd2 exd5 13.O-O f6 14.exd5 Qb6 15.e4 c4+
16.Kh1 Bc5 17.Qa1 Be3 18.Bxc4 Bxd2 19.Nxd2 bxc4 20.Nxc4 Qa6 21.Nd6+ Ke7 22.Qe1 Rhf8
23.e5 Bxd5 24.exf6+ Kd8 25.Qe7+ Kc7 26.Nc4+  1-0

[Event "Olympiad"]
[Site "Bled SLO"]
[Date "2002.10.28"]
[Round "3"]
[White "Adebayo,A"]
[Black "Abdul,Maj"]
[Result "0-1"]
[WhiteElo "2180"]
[BlackElo "2259"]

1.d4 Nf6 2.Bg5 d5 3.Bxf6 exf6 4.c3 Bd6 5.Nd2 O-O 6.e3 c6 7.Bd3 Re8 8.Ngf3 f5
9.O-O g6 10.c4 Nd7 11.Rc1 Nf6 12.cxd5 cxd5 13.Qb3 f4 14.exf4 Bxf4 15.Rce1 Re7
16.Rxe7 Qxe7 17.Re1 Be6 18.g3 Bh6 19.Nb1 a5 20.Nc3 Qb4 21.Kg2 Qxb3 22.axb3 Rc8
23.Ra1 b6 24.Na4 Rc1 25.Rxc1 Bxc1 26.Ne5 Ne4 27.Bxe4 dxe4 28.Nxb6 Bxb2 29.Nc6 Bxb3
30.Nxa5 Bxd4 31.Nxb3 Bxb6 32.Nd2 f5 33.Nc4 Bc5 34.f3 Kf7 35.fxe4 fxe4 36.Nd2 e3
37.Nf3 Kf6 38.Kf1 Kf5 39.h3 g5 40.Ke2 g4 41.Nh4+  0-1